| 000 | 01720nam1a2200313 i 4500 | ||
|---|---|---|---|
| 001 | RU\NLR\bibl\556384 | ||
| 005 | 20260407112916.0 | ||
| 035 | _a(NLR Aleph) 000548526 | ||
| 090 |
_a1457633 _c1457633 |
||
| 100 | _a20040927g20039999u y0rusy50 ca | ||
| 101 | 0 | _arus | |
| 102 | _aRU | ||
| 105 | _a||||z ||||| | ||
| 200 | 1 |
_aПоликлиническая терапия _eУчеб. для студентов мед. вузов _f[А.Я. Крюкова, З.А. Бакирова, Р.С. Низамутдинова и др.] _gПод ред. А.Я. Крюковой _gГос. образоват. учреждение высш. проф. образования Башк. гос. мед. ун-т Мин-ва здравоохранения Рос. Федерации |
|
| 210 |
_aУфа _cИзд-во БГМУ _d2003 |
||
| 215 | _d20 | ||
| 463 | 0 | _1001543578 | |
| 606 |
_aТерапевтическая помощь внебольничная _jРуководства, пособия и т.п. _91267115 _3RU\NLR\auth\66203325 |
||
| 606 |
_aТерапевтическая помощь внебольничная _jУчебники для высших учебных заведений _91267115 _3RU\NLR\auth\66203325 |
||
| 686 | _aР11(2)284.1я73-1 | ||
| 686 | _aР41я73-1 | ||
| 701 | 1 |
_aКрюкова _bА. Я. _gАнтонина Яковлевна _4070 |
|
| 701 | 1 |
_aБакирова _bЗ. А. _4070 |
|
| 701 | 1 |
_aНизамутдинова _bР. С. _4070 |
|
| 712 | 0 | 2 |
_4570 _aБашкирский государственный медицинский университет _cУфа _3RU\NLR\AUTH\889941506 _9377846 |
| 801 | 0 |
_aRU _bNLR _c20040927 _gPSBO |
|
| 801 | 1 |
_aRU _bNLR _c20040927 |
|
| 852 |
_aNLR _j2004-3/16532 |
||
| 942 | _cBOOK | ||